Normal view
MARC view
- Jamal, Ahmad,
Entry Personal Name
001 - CONTROL NUMBER
- control field: 99009
003 - CONTROL NUMBER IDENTIFIER
- control field: NUST
005 - DATE AND TIME OF LATEST TRANSACTION
- control field: 20220923155213.0
008 - FIXED-LENGTH DATA ELEMENTS
- fixed length control field: 220923|| aca||aabn | a|a d
040 ## - CATALOGING SOURCE
- Original cataloging agency: NUST
- Transcribing agency: NUST
100 ## - HEADING--PERSONAL NAME
- Personal name: Jamal, Ahmad,
- Dates associated with a name: 1965-
670 ## - SOURCE DATA FOUND
- Source citation: Work cat.: (NUST)0: Islamic tourism :
